[Event "Russian Championship G19 2016"]
[Site "Loo"]
[Date "2016.04.25"]
[Round "6.9"]
[White "Alekseeva, Irina"]
[Black "Sataeva, Lana"]
[Result "1-0"]
[WhiteElo "2177"]
[BlackElo "1726"]
[PlyCount "85"]
[EventDate "2016.04.20"]

1. d4 d5 2. Nf3 Nf6 3. e3 Bg4 4. Be2 e6 5. O-O Bd6 6. b3 O-O 7. c4 dxc4 8. bxc4
c5 9. Nc3 cxd4 10. exd4 Nc6 11. Be3 a6 12. Rb1 Rb8 13. h3 Bf5 14. Bd3 Bxd3 15.
Qxd3 Qc7 16. Bg5 Be7 17. Rfc1 Rfd8 18. Qe3 Ne8 19. d5 Bxg5 20. Nxg5 exd5 21.
cxd5 Ne7 22. d6 Qxd6 23. Rd1 Qc7 24. Rxd8 Rxd8 25. Re1 Ng6 26. Nd5 Rxd5 27.
Qxe8+ Nf8 28. Qe3 Qd8 29. Ne4 Ne6 30. Qb3 Rd7 31. Re3 g6 32. Qb2 Rd4 33. Qxb7
a5 34. Rc3 Kg7 35. Rf3 Qd7 36. Qb2 Kf8 37. Qb8+ Qd8 38. Qe5 Rd1+ 39. Kh2 Qc7
40. Qxc7 Nxc7 41. Ng5 f5 42. Rc3 Rd7 43. Rxc7 1-0

[Event "Russian Championship G19 2016"]
[Site "Loo"]
[Date "2016.04.25"]
[Round "6.10"]
[White "Baryshnikova, Natalija"]
[Black "Matiukova, Uliana"]
[Result "0-1"]
[WhiteElo "1953"]
[BlackElo "2161"]
[PlyCount "82"]
[EventDate "2016.04.20"]

1. e4 c5 2. Nf3 d6 3. Bb5+ Nd7 4. d4 cxd4 5. Qxd4 a6 6. Bxd7+ Bxd7 7. c4 e5 8.
Qd3 b5 9. Nc3 bxc4 10. Qxc4 Be6 11. Qc6+ Bd7 12. Qc4 Be6 13. Qd3 h6 14. O-O Nf6
15. Rd1 Be7 16. b3 O-O 17. Bb2 Qb6 18. Qe2 Rfc8 19. Rac1 Rc6 20. h3 Rac8 21.
Nd2 Qa5 22. Qf3 g5 23. Qe3 Nh5 24. Nf1 Nf4 25. Ng3 h5 26. Qe1 h4 27. Nge2 Nxe2+
28. Qxe2 Rxc3 29. Bxc3 Rxc3 30. Rxc3 Qxc3 31. Qxa6 Qc2 32. Re1 g4 33. hxg4 Bxg4
34. b4 h3 35. Qf1 Bh4 36. Re3 h2+ 37. Kxh2 Bxf2 38. Rb3 Qd2 39. g3 Qh6+ 40. Kg2
Bd4 41. Qh1 Qd2+ 0-1

[Event "Russian Championship G19 2016"]
[Site "Loo"]
[Date "2016.04.25"]
[Round "6.11"]
[White "Chekmareva, Liya"]
[Black "Resmyatova, Antonina"]
[Result "1-0"]
[WhiteElo "2043"]
[BlackElo "2045"]
[PlyCount "59"]
[EventDate "2016.04.20"]

1. e4 d6 2. d4 Nf6 3. Nc3 g6 4. Be2 Bg7 5. h4 c5 6. d5 h5 7. Nf3 O-O 8. Ng5
Nbd7 9. f4 c4 10. Be3 Qa5 11. O-O Nc5 12. f5 Bh6 13. Bd4 Bxg5 14. hxg5 Nfxe4
15. fxg6 fxg6 16. Rxf8+ Kxf8 17. Bxh5 Bf5 18. g4 Nxc3 19. Bxc3 Qb6 20. Bd4 Be4
21. Qf1+ Ke8 22. Re1 Qa5 23. Rxe4 Nxe4 24. Bxg6+ Kd7 25. Bxe4 Qxa2 26. g6 Qa5
27. c3 Qa2 28. g7 Qxb2 29. Bf5+ Kc7 30. Qxc4+ 1-0

[Event "Russian Championship G19 2016"]
[Site "Loo"]
[Date "2016.04.25"]
[Round "6.12"]
[White "Shapar, Tatiana"]
[Black "Dolgaeva, Evgenia"]
[Result "1-0"]
[WhiteElo "1932"]
[BlackElo "1931"]
[PlyCount "75"]
[EventDate "2016.04.20"]

1. e4 c5 2. Nf3 Nc6 3. d4 cxd4 4. Nxd4 Nf6 5. Nc3 g6 6. Be3 Bg7 7. Be2 O-O 8.
O-O d5 9. exd5 Nxd5 10. Nxd5 Qxd5 11. Bf3 Qd6 12. Nxc6 bxc6 13. c3 Qc7 14. Qa4
Rb8 15. Qa3 Be6 16. Bc5 Bf6 17. Rfe1 Rb5 18. b4 a5 19. Rac1 axb4 20. cxb4 Rbb8
21. Qa4 Rfc8 22. Qc2 Rd8 23. a4 Bg5 24. Rcd1 Bf4 25. g3 Bd6 26. Re3 Bf5 27. Qc4
Rdc8 28. Rc1 Qd7 29. Rd1 Be6 30. Qc3 Bf5 31. Re2 Qc7 32. Rc1 Rd8 33. Rd2 Bxc5
34. Rxd8+ Qxd8 35. Qxc5 Qd2 36. Rd1 Qxb4 37. Rd8+ Kg7 38. Qe5+ 1-0

[Event "Russian Championship G19 2016"]
[Site "Loo"]
[Date "2016.04.25"]
[Round "6.13"]
[White "Leontyeva, Anastasija"]
[Black "Ochneva, Inga"]
[Result "1/2-1/2"]
[WhiteElo "1823"]
[BlackElo "2042"]
[PlyCount "110"]
[EventDate "2016.04.20"]

1. d4 f5 2. c4 g6 3. Nf3 Bg7 4. g3 Nf6 5. Bg2 d6 6. Nc3 O-O 7. O-O Qe8 8. Re1
Qf7 9. b3 Ne4 10. Bb2 Nc6 11. e3 e5 12. d5 Nb8 13. Rf1 Nxc3 14. Bxc3 h6 15. Nd2
a5 16. a3 f4 17. exf4 exf4 18. Bxg7 Kxg7 19. Nf3 Bg4 20. Qd4+ Kh7 21. Rae1 Nd7
22. gxf4 Nf6 23. Re3 Nh5 24. Rfe1 Rae8 25. Nh4 Rxe3 26. fxe3 Qe7 27. Nf3 Bxf3
28. Bxf3 Nxf4 29. Rf1 Nh3+ 30. Kg2 Ng5 31. Bg4 Rxf1 32. Kxf1 h5 33. Be2 Qf7+
34. Kg2 Qf5 35. Qf4 Qxf4 36. exf4 Nf7 37. Kg3 Kg7 38. f5 gxf5 39. Bxh5 Ne5 40.
a4 Kh6 41. Bd1 Ng6 42. h4 Kg7 43. h5 Ne7 44. Kf4 Kf6 45. Bc2 c6 46. dxc6 bxc6
47. Bd3 c5 48. Bc2 d5 49. Bd3 dxc4 50. bxc4 Nc6 51. Bxf5 Ne5 52. Bc2 Nxc4 53.
h6 Nb6 54. h7 Kg7 55. Ke5 Nxa4 1/2-1/2

[Event "Russian Championship G19 2016"]
[Site "Loo"]
[Date "2016.04.25"]
[Round "6.14"]
[White "Khatmullina, Dilara"]
[Black "Mukhtarova, Viktoriya"]
[Result "0-1"]
[WhiteElo "2049"]
[BlackElo "1899"]
[PlyCount "98"]
[EventDate "2016.04.20"]

1. Nf3 Nf6 2. g3 g6 3. Bg2 Bg7 4. d4 O-O 5. O-O d6 6. c4 Nbd7 7. Nc3 e5 8. e4
c6 9. h3 Qb6 10. c5 dxc5 11. dxe5 Ne8 12. e6 fxe6 13. Ng5 Ne5 14. f4 c4+ 15.
Kh2 Nd3 16. e5 Nxb2 17. Qg4 Nd3 18. Ba3 Nb4 19. Be4 Rf5 20. Nxh7 Kxh7 21. Bxf5
exf5 22. Qh4+ Kg8 23. Qe7 Nc2 24. Qxe8+ Kh7 25. Rad1 Ne3 26. Rd6 Nxf1+ 27. Kg2
Ne3+ 28. Kh1 Be6 29. Qxe6 Rd8 30. Qxg6+ Kg8 31. Qe6+ Kh7 32. Qe7 Rxd6 33. Qxd6
Nc2 34. Bc5 Qa5 35. Ne2 Qe1+ 36. Ng1 Qe4+ 37. Kh2 Ne1 38. Qd2 c3 39. Qf2 c2 40.
Be3 Nd3 41. Qe2 Kg6 42. Nf3 c1=Q 43. Nh4+ Kh6 44. Nxf5+ Qxf5 45. Bxc1 Nxc1 46.
Qd2 Nd3 47. e6 Bf6 48. Qe3 Be7 49. Kg2 Nc5 0-1

[Event "Russian Championship G19 2016"]
[Site "Loo"]
[Date "2016.04.25"]
[Round "6.15"]
[White "Porozhnyak, Maya"]
[Black "Nugamanova, Rozalia"]
[Result "1-0"]
[WhiteElo "2007"]
[BlackElo "1826"]
[PlyCount "85"]
[EventDate "2016.04.20"]

1. e4 c5 2. a3 Nc6 3. b4 cxb4 4. axb4 Nxb4 5. d4 e6 6. c3 Nc6 7. d5 exd5 8.
exd5 Qe7+ 9. Be3 Ne5 10. Be2 a6 11. Na3 Rb8 12. Ba7 Ra8 13. Bb6 Qd6 14. Qd4 Rb8
15. f4 Ng6 16. Nh3 Be7 17. Nc4 Qf6 18. Bc7 d6 19. Qxf6 Bxf6 20. Nxd6+ Ke7 21.
Bxb8 Bxh3 22. gxh3 Bxc3+ 23. Kf2 Bxa1 24. Rxa1 Nf6 25. Nf5+ Kd7 26. Be5 Nxe5
27. fxe5 Nxd5 28. Nxg7 Nf4 29. Bg4+ Kc7 30. Kg3 Nd3 31. e6 fxe6 32. Nxe6+ Kb8
33. Ra3 Ne5 34. Bf5 h6 35. Nc5 Nc6 36. Rb3 Na5 37. Rb6 Kc7 38. Rg6 Nc4 39. Rg7+
Kb6 40. Nxb7 Rb8 41. Be4 Re8 42. Rg6+ Kb5 43. Bc6+ 1-0

[Event "Russian Championship G19 2016"]
[Site "Loo"]
[Date "2016.04.25"]
[Round "6.16"]
[White "Efimova, Anastasia"]
[Black "Bocharova, Ulyana"]
[Result "1-0"]
[WhiteElo "1832"]
[BlackElo "1939"]
[PlyCount "47"]
[EventDate "2016.04.20"]

1. d4 d5 2. c4 e5 3. dxe5 d4 4. Nf3 Nc6 5. g3 Bg4 6. Bg2 Qd7 7. Nbd2 O-O-O 8.
O-O d3 9. exd3 Qxd3 10. Qa4 Bb4 11. a3 Bxd2 12. Nxd2 Nge7 13. Ne4 Bd1 14. Qb5
Nd4 15. Nd6+ Rxd6 16. Qxb7+ Kd7 17. exd6 Rc8 18. dxe7 Nf3+ 19. Bxf3 Bxf3 20.
Qb5+ c6 21. Qb7+ Rc7 22. Qxc7+ Kxc7 23. e8=Q Bh1 24. Bf4+ 1-0

[Event "Russian Championship G19 2016"]
[Site "Loo"]
[Date "2016.04.25"]
[Round "6.17"]
[White "Shakirova, Renata"]
[Black "Kalinovskaya, Lyudmila"]
[Result "1-0"]
[WhiteElo "1924"]
[BlackElo "1618"]
[PlyCount "51"]
[EventDate "2016.04.20"]

1. e4 c5 2. Nf3 Nc6 3. d4 cxd4 4. Nxd4 e6 5. Nc3 a6 6. Be2 Nf6 7. O-O Bb4 8.
Nxc6 bxc6 9. e5 Nd5 10. Ne4 Qc7 11. Nd6+ Bxd6 12. exd6 Qb6 13. c4 Nf6 14. Be3
Qb7 15. Bd4 Qb4 16. c5 e5 17. Bxe5 Qxc5 18. Bd3 O-O 19. Bxf6 gxf6 20. Qf3 f5
21. Bxf5 Qxd6 22. Rad1 Qh6 23. Rd4 d5 24. Qg3+ Kh8 25. Rh4 Rg8 26. Qe5+ 1-0

[Event "Russian Championship G19 2016"]
[Site "Loo"]
[Date "2016.04.25"]
[Round "6.19"]
[White "Yarisko, Arina"]
[Black "Alekseeva, Yulia"]
[Result "1/2-1/2"]
[WhiteElo "1863"]
[BlackElo "1858"]
[PlyCount "97"]
[EventDate "2016.04.20"]

1. d4 Nf6 2. g3 g6 3. Bg2 Bg7 4. c4 O-O 5. Nc3 d6 6. e3 Nbd7 7. Nge2 e5 8. O-O
Re8 9. b3 Qe7 10. Bb2 a6 11. Qc2 e4 12. g4 Nxg4 13. Qxe4 Qxe4 14. Nxe4 f5 15.
N4c3 Ngf6 16. Nf4 Nf8 17. Rac1 c6 18. Ba3 Rd8 19. d5 c5 20. b4 b6 21. bxc5 bxc5
22. Na4 Rb8 23. Rb1 Bd7 24. Nb6 Kf7 25. Nxd7 N6xd7 26. e4 fxe4 27. Bxe4 Ne5 28.
Ne6 Nxe6 29. dxe6+ Kxe6 30. Bd5+ Kd7 31. Bb2 Nf3+ 32. Bxf3 Bxb2 33. Rfe1 Be5
34. Rbd1 Kc7 35. Re3 Rb4 36. Bd5 Rf8 37. Rh3 h5 38. Rb3 a5 39. Kg2 Bd4 40. Rd2
g5 41. Rf3 Rxf3 42. Kxf3 Be5 43. h3 Rb1 44. Kg2 a4 45. Re2 Rb2 46. Rxb2 Bxb2
47. Bf3 h4 48. Bd1 a3 49. Kf3 1/2-1/2

[Event "Russian Championship B11 1st league 2016"]
[Site "Loo"]
[Date "2016.04.25"]
[Round "6.1"]
[White "Danchenko, Artemiy"]
[Black "Israfilov, Ali"]
[Result "1-0"]
[WhiteElo "1770"]
[BlackElo "1518"]
[PlyCount "78"]
[EventDate "2016.04.20"]

1. e4 e5 2. Nf3 Nc6 3. Bb5 a6 4. Ba4 Nf6 5. d4 exd4 6. e5 Nd5 7. Bb3 Nb6 8. O-O
Be7 9. Re1 O-O 10. Nxd4 d6 11. e6 d5 12. exf7+ Rxf7 13. c3 Nxd4 14. cxd4 Bf5
15. Nc3 c6 16. Qe2 Bd6 17. Be3 Qh4 18. g3 Qh3 19. Qf1 Qg4 20. Bd1 Qg6 21. h4
Nc4 22. h5 Qf6 23. g4 Nxe3 24. Rxe3 Bd7 25. Rd3 Raf8 26. Bf3 Qh4 27. Qg2 Bxg4
28. Qxg4 Qh2+ 29. Kf1 Rxf3 30. Rxf3 Qh1+ 31. Ke2 Qxa1 32. Qe6+ Kh8 33. Qxd6
Qxb2+ 34. Kf1 Qc1+ 35. Kg2 Qg5+ 36. Rg3 Qf5 37. Nd1 Qe4+ 38. f3 Qf5 39. Qb4 Re8
1-0

[Event "Russian Championship B11 1st league 2016"]
[Site "Loo"]
[Date "2016.04.25"]
[Round "6.2"]
[White "Smirnov, Saveliy"]
[Black "Khubukshanov, Erdem"]
[Result "1/2-1/2"]
[WhiteElo "1501"]
[BlackElo "1573"]
[PlyCount "88"]
[EventDate "2016.04.20"]

1. e4 c5 2. Nf3 Nc6 3. d4 cxd4 4. Nxd4 e5 5. Nb5 d6 6. c4 Be6 7. N1c3 a6 8. Na3
Be7 9. Be2 Nf6 10. O-O O-O 11. Be3 Rc8 12. f3 Ne8 13. Nd5 Bg5 14. Bb6 Qd7 15.
Bf2 Bd8 16. Nc2 f5 17. exf5 Bxf5 18. Nce3 Be6 19. Re1 Ba5 20. Rf1 Qf7 21. Bg3
Qd7 22. a3 Nd4 23. b4 Nxe2+ 24. Qxe2 Bd8 25. Rfd1 Nf6 26. Bxe5 Qc6 27. Nxf6+
Bxf6 28. Rxd6 Bxc4 29. Nxc4 Qxc4 30. Qxc4+ Rxc4 31. Bxf6 gxf6 32. Rd7 Rf7 33.
Rad1 Rc7 34. Rd8+ Kg7 35. Kf2 Kh6 36. R1d4 Rc2+ 37. Kg3 Rg7+ 38. Kh3 Rcxg2 39.
Rh4+ Kg5 40. Rd5+ f5 41. f4+ Kf6 42. Rh6+ R2g6 43. Rd6+ Ke7 44. Rhxg6 hxg6
1/2-1/2

[Event "Russian Championship B11 1st league 2016"]
[Site "Loo"]
[Date "2016.04.25"]
[Round "6.3"]
[White "Kuzmin, Roman"]
[Black "Ermolaev, Ivan"]
[Result "1/2-1/2"]
[WhiteElo "1756"]
[BlackElo "1632"]
[PlyCount "89"]
[EventDate "2016.04.20"]

1. e4 c5 2. Nf3 e6 3. d4 cxd4 4. Nxd4 Nf6 5. Nc3 Nc6 6. Ndb5 d6 7. Bf4 e5 8.
Bg5 a6 9. Na3 b5 10. Nd5 Be7 11. Bxf6 Bxf6 12. Be2 O-O 13. O-O Bg5 14. c4 b4
15. Nc2 a5 16. Kh1 Ne7 17. Nce3 Be6 18. Bg4 Rc8 19. b3 Bxg4 20. Qxg4 Bxe3 21.
fxe3 Nxd5 22. exd5 Qe7 23. e4 Qa7 24. Rf3 Qd4 25. Raf1 Rc7 26. h4 h5 27. Qf5 g6
28. Rg3 Kh7 29. Qf3 f6 30. Qe2 Rcf7 31. Rd3 Qc5 32. Rdf3 Qd4 33. Rd3 Qc5 34.
Rdf3 Qd4 35. Rd1 Qc5 36. Qf1 Qc8 37. Qf2 f5 38. Rf1 Qd7 39. Qe3 fxe4 40. Qxe4
Rxf3 41. Rxf3 Qe7 42. Rxf8 Qxf8 43. Qf3 Qe7 44. g3 e4 45. Qe3 1/2-1/2

[Event "Russian Championship B11 1st league 2016"]
[Site "Loo"]
[Date "2016.04.25"]
[Round "6.4"]
[White "Kolchin, Maxim"]
[Black "Rakitin, Daniil"]
[Result "1-0"]
[WhiteElo "1666"]
[BlackElo "1498"]
[PlyCount "97"]
[EventDate "2016.04.20"]

1. e4 e6 2. d4 d5 3. Nd2 c5 4. Ngf3 Nf6 5. e5 Nfd7 6. c3 Nc6 7. Be2 Qb6 8. Nb3
c4 9. Nbd2 Be7 10. O-O Nf8 11. Re1 Ng6 12. Nf1 h6 13. Ng3 Qd8 14. Be3 Qb6 15.
Nh5 Bf8 16. Qd2 Nge7 17. Nh4 Ng6 18. Nxg6 fxg6 19. Nf4 g5 20. Ng6 Rg8 21. Bh5
Kd8 22. f4 gxf4 23. Qf2 fxe3 24. Qf7 Bd7 25. Qxg8 Kc7 26. Rab1 Rc8 27. Nxf8 g5
28. Rf1 Nd8 29. Qg7 Qc6 30. Be8 Kb8 31. Bxd7 Qc7 32. Qh7 e2 33. Rf2 a6 34. Bxc8
Kxc8 35. Qxc7+ Kxc7 36. Rxe2 Nc6 37. Nxe6+ Kd7 38. Nc5+ Kc7 39. e6 Ne7 40. Rf1
b6 41. Rf7 bxc5 42. Rxe7+ Kd8 43. Rd7+ Ke8 44. e7 Kxd7 45. e8=Q+ Kd6 46. Re6+
Kc7 47. Rc6+ Kb7 48. Qc8+ Ka7 49. Rxa6# 1-0

[Event "Russian Championship B11 1st league 2016"]
[Site "Loo"]
[Date "2016.04.25"]
[Round "6.5"]
[White "Pavlov, Mark"]
[Black "Yudin, Mikhail"]
[Result "1/2-1/2"]
[WhiteElo "1624"]
[BlackElo "1469"]
[PlyCount "86"]
[EventDate "2016.04.20"]

1. c4 Nf6 2. Nc3 g6 3. g3 Bg7 4. Bg2 O-O 5. Nf3 d6 6. d4 c6 7. O-O Qb6 8. e3
Qa6 9. b3 b5 10. cxb5 cxb5 11. Bb2 Bb7 12. a4 b4 13. Ne2 Nbd7 14. Nf4 Rab8 15.
Rc1 Rfc8 16. Qd3 Qxd3 17. Nxd3 Ba6 18. Rxc8+ Rxc8 19. Rc1 Rxc1+ 20. Nxc1 Ne4
21. Na2 Be2 22. Nxb4 Bd1 23. Nc6 Kf8 24. Nxa7 Bxb3 25. a5 Nb8 26. Ne1 d5 27.
Nd3 Na6 28. Ba3 Ke8 29. Bxe4 dxe4 30. Nc5 Nxc5 31. Bxc5 e5 32. Nb5 exd4 33.
exd4 Kd7 34. a6 Bd5 35. a7 Bf6 36. Kg2 e3+ 37. f3 Bg5 38. Bb4 f5 39. Ba5 Bd8
40. Bb4 Bg5 41. h4 Bd8 42. Be1 Bb6 43. Bb4 Bd8 1/2-1/2

[Event "Russian Championship B11 1st league 2016"]
[Site "Loo"]
[Date "2016.04.25"]
[Round "6.6"]
[White "Shemakhanov, Danila"]
[Black "Kuprin, Alexander"]
[Result "1-0"]
[WhiteElo "1454"]
[BlackElo "1609"]
[PlyCount "97"]
[EventDate "2016.04.20"]

1. c4 Nf6 2. d4 g6 3. Nc3 Bg7 4. Nf3 O-O 5. e4 d6 6. Be2 Nbd7 7. O-O c5 8. d5
b6 9. Be3 Ng4 10. Bf4 Nge5 11. Nxe5 Nxe5 12. Be3 Ba6 13. Qa4 Bb7 14. f4 Nd7 15.
Rae1 a6 16. Qb3 Qe8 17. Bg4 Nf6 18. Bh3 Bc8 19. Bxc8 Qxc8 20. e5 Ng4 21. exd6
Nxe3 22. Rxe3 Bd4 23. Rfe1 exd6 24. Kh1 Bxe3 25. Rxe3 Re8 26. Na4 Rxe3 27. Qxe3
Qe8 28. Qxe8+ Rxe8 29. h3 b5 30. cxb5 axb5 31. Nc3 b4 32. Nb5 Re2 33. Nxd6 Rxb2
34. Ne4 Rxa2 35. d6 Ra1+ 36. Kh2 c4 37. d7 Ra8 38. Nd6 c3 39. Nc8 c2 40. d8=Q+
Kg7 41. Qc7 b3 42. Nd6 Rf8 43. Qc3+ Kg8 44. Ne4 f5 45. Qxb3+ Kh8 46. Qc3+ Kg8
47. Ng3 g5 48. Nh5 Rf7 49. Qxc2 1-0

[Event "Russian Championship B11 1st league 2016"]
[Site "Loo"]
[Date "2016.04.25"]
[Round "6.8"]
[White "Murashko, Vladislav"]
[Black "Ivanov, Artem"]
[Result "0-1"]
[WhiteElo "1437"]
[BlackElo "1577"]
[PlyCount "88"]
[EventDate "2016.04.20"]

1. d4 Nf6 2. c4 c5 3. d5 b5 4. b3 g6 5. Bb2 Bg7 6. Nf3 O-O 7. g3 d6 8. Bg2 a6
9. O-O Nbd7 10. Qc2 Nb6 11. Nbd2 Bd7 12. Rac1 Qc8 13. Rfe1 Bh3 14. e4 Bxg2 15.
Kxg2 Qb7 16. h3 Rfe8 17. Kh2 e5 18. a3 Rf8 19. Qd3 Nbd7 20. Qc2 Nh5 21. Nh4 Bh6
22. g4 Nf4 23. f3 Bg7 24. Ng2 Nxg2 25. Kxg2 Bh6 26. Rh1 Kh8 27. Rce1 f5 28.
Rhf1 Nf6 29. Re2 fxe4 30. Nxe4 Nxe4 31. Rxe4 Bf4 32. Qe2 Rae8 33. h4 Qe7 34.
Rh1 h5 35. g5 Qd7 36. Qd3 Kh7 37. Rh3 Re7 38. Qe2 Ref7 39. Qd3 Qb7 40. Qe2 bxc4
41. Qxc4 Rb8 42. b4 cxb4 43. Qxb4 Qa7 44. Qc3 Rc7 0-1

[Event "Russian Championship B11 1st league 2016"]
[Site "Loo"]
[Date "2016.04.25"]
[Round "6.10"]
[White "Belov, Danila"]
[Black "Shemyakinskiy, Nikita"]
[Result "0-1"]
[WhiteElo "1557"]
[BlackElo "1371"]
[PlyCount "122"]
[EventDate "2016.04.20"]

1. e4 e5 2. Nf3 Nf6 3. Nc3 Nc6 4. Bc4 Bb4 5. d3 h6 6. O-O d6 7. h3 Bd7 8. Nd5
Ba5 9. Bd2 Bb6 10. Be3 Na5 11. Nxb6 axb6 12. Bb3 Nc6 13. Nd2 Qe7 14. f4 exf4
15. Bxf4 O-O-O 16. a4 Rhf8 17. Nc4 Be6 18. Bd2 Bxc4 19. Bxc4 Na5 20. Bxa5 bxa5
21. Qd2 d5 22. exd5 Qc5+ 23. Qf2 Qxf2+ 24. Rxf2 Nxd5 25. Rf5 c6 26. Re1 Kb8 27.
Re2 Ka7 28. Bxd5 Rxd5 29. Rxd5 cxd5 30. Re5 Rd8 31. Re7 Rc8 32. c3 Rc6 33. Rxf7
Rb6 34. Rf2 Rb3 35. d4 Ka6 36. Kf1 b5 37. axb5+ Kxb5 38. Rf7 Ka4 39. Rf2 Kb5
40. Ke1 Kc4 41. Kd1 a4 42. Kc1 a3 43. bxa3 Rxa3 44. Rf7 Rxc3+ 45. Kd2 Rg3 46.
Rf2 g5 47. Ke2 Kxd4 48. Rf6 h5 49. Rf2 Ke4 50. Kd2 d4 51. Re2+ Re3 52. Rf2 d3
53. Kd1 Rg3 54. Kd2 h4 55. Rf8 Rxg2+ 56. Kd1 Ke3 57. Re8+ Kf2 58. Rd8 Rg3 59.
Kd2 Kg2 60. Rxd3 Rxd3+ 61. Kxd3 Kxh3 0-1

[Event "Russian Championship B11 1st league 2016"]
[Site "Loo"]
[Date "2016.04.25"]
[Round "6.13"]
[White "Azizyan, Levon"]
[Black "Tretyakov, Vladimir"]
[Result "0-1"]
[WhiteElo "1402"]
[BlackElo "1809"]
[PlyCount "114"]
[EventDate "2016.04.20"]

1. e4 e5 2. Nf3 Nc6 3. Bc4 Nf6 4. Ng5 d5 5. exd5 Na5 6. Bb5+ c6 7. dxc6 bxc6 8.
Qf3 Bb7 9. Bd3 c5 10. Be4 Bxe4 11. Nxe4 Be7 12. Nbc3 Nxe4 13. Nxe4 O-O 14. d3
c4 15. Bd2 cxd3 16. Qxd3 Qxd3 17. cxd3 Nc6 18. Rc1 Nb4 19. Rc7 Nd5 20. Rd7 Rfd8
21. Rxd8+ Rxd8 22. Ke2 Bb4 23. Nc3 Bxc3 24. bxc3 Rb8 25. c4 Nf6 26. Bc3 Nd7 27.
Rd1 f6 28. Rd2 Nc5 29. d4 Ne4 30. Rd3 Nxc3+ 31. Rxc3 Rb2+ 32. Ke3 exd4+ 33.
Kxd4 Rxa2 34. c5 Rd2+ 35. Kc4 Kf7 36. Re3 Rxf2 37. Kd5 Rxg2 38. Kd6 Rd2+ 39.
Kc7 Rxh2 40. c6 Rc2 41. Kd7 g5 42. Rh3 Kg6 43. c7 h5 44. c8=Q Rxc8 45. Kxc8 g4
46. Rg3 Kg5 47. Kd7 h4 48. Rg1 h3 49. Ke6 h2 50. Rh1 g3 51. Kd5 g2 52. Rxh2
g1=Q 53. Ra2 Qd1+ 54. Kc4 Qc1+ 55. Kb3 Qb1+ 56. Ka3 Qxa2+ 57. Kxa2 f5 0-1

[Event "Russian Championship B11 1st league 2016"]
[Site "Loo"]
[Date "2016.04.25"]
[Round "6.14"]
[White "Kuzminykh, Nikita"]
[Black "Ionochkin, Maksim"]
[Result "0-1"]
[WhiteElo "1388"]
[BlackElo "1761"]
[PlyCount "88"]
[EventDate "2016.04.20"]

1. e4 c6 2. d4 d5 3. Nc3 dxe4 4. Nxe4 Bf5 5. Ng3 Bg6 6. h4 h6 7. Nf3 Nd7 8. h5
Bh7 9. Bd3 Bxd3 10. Qxd3 Qc7 11. Bd2 e6 12. O-O-O Ngf6 13. Kb1 Be7 14. Ne4 O-O
15. Rdg1 Ng4 16. Qe2 c5 17. Nh4 Ngf6 18. Nxc5 Nxc5 19. dxc5 Qxc5 20. g4 Nh7 21.
f4 Bxh4 22. Be3 Qe7 23. g5 hxg5 24. fxg5 Bxg5 25. Qg4 f6 26. Qf3 Qc7 27. h6 g6
28. Bxg5 Nxg5 29. Qd3 Qf7 30. Rf1 Kh7 31. Rhg1 Qc7 32. Re1 Rfd8 33. Qf1 Qf7 34.
Qg2 Qd7 35. Ref1 Qd5 36. Qg4 Qe4 37. Qg3 Rac8 38. Rc1 Nf3 39. Rg2 Nd2+ 40. Ka1
Rxc2 41. Rcg1 Rdc8 42. a3 Rc1+ 43. Rxc1 Rxc1+ 44. Ka2 Qb1# 0-1

[Event "Russian Championship B11 1st league 2016"]
[Site "Loo"]
[Date "2016.04.25"]
[Round "6.15"]
[White "Kichin, Alexander"]
[Black "Nasyrov, Anton"]
[Result "1-0"]
[WhiteElo "1605"]
[BlackElo "1463"]
[PlyCount "75"]
[EventDate "2016.04.20"]

1. e4 c5 2. Nf3 d6 3. d4 cxd4 4. Nxd4 Nf6 5. Nc3 a6 6. Be2 e5 7. Nb3 Be7 8. Be3
Be6 9. Nd5 Bxd5 10. exd5 O-O 11. Qd3 Ne8 12. h4 f5 13. g3 e4 14. Qd2 Bf6 15.
Nd4 Bxd4 16. Bxd4 Nf6 17. h5 Nbd7 18. h6 g6 19. Bc3 Nb6 20. Ba5 Nfd7 21. Qd4
Rf7 22. g4 Qc7 23. Bc3 Ne5 24. Ba5 Ned7 25. gxf5 Qc5 26. Qxc5 dxc5 27. fxg6
hxg6 28. O-O-O Rxf2 29. h7+ Kg7 30. Bc3+ Nf6 31. d6 Nbd7 32. Bg4 Nb6 33. d7
Nbxd7 34. Rxd7+ Kh8 35. Rf7 e3 36. Rxf6 Rg8 37. Rxg6+ Rf6 38. hxg8=Q# 1-0

[Event "Russian Championship B11 1st league 2016"]
[Site "Loo"]
[Date "2016.04.25"]
[Round "6.16"]
[White "Pushkin, Vasiliy"]
[Black "Fridman, Roman A"]
[Result "0-1"]
[WhiteElo "1370"]
[BlackElo "1591"]
[PlyCount "108"]
[EventDate "2016.04.20"]

1. d4 d5 2. c4 e6 3. Nf3 f5 4. g3 Nf6 5. Bg2 c6 6. Nbd2 Bd6 7. O-O O-O 8. Qc2
Ne4 9. b3 Nd7 10. a3 Re8 11. Bb2 e5 12. e3 Nxd2 13. Qxd2 e4 14. Ne1 Nf6 15. Bh1
Qe7 16. Ng2 Be6 17. c5 Bc7 18. b4 h6 19. Nf4 Qf7 20. Ne2 Nh7 21. f4 exf3 22.
Bxf3 Ng5 23. Bg2 Bd7 24. Rae1 Ne4 25. Bxe4 Rxe4 26. Nc3 Rg4 27. Qe2 Re8 28.
Qxg4 fxg4 29. Rxf7 Kxf7 30. e4 dxe4 31. Rxe4 Rxe4 32. Nxe4 Ke6 33. Kf2 Kd5 34.
Nd2 Bd8 35. Ke2 Bf5 36. Nb3 b6 37. Kd2 Bg5+ 38. Kc3 Be3 39. Ba1 Bg1 40. Bb2
Bxh2 41. Nd2 bxc5 42. bxc5 Bxg3 43. Nf1 Bf4 44. a4 a5 45. Kb3 g3 46. Nxg3 Bxg3
47. Bc3 Bd3 48. Bxa5 Kxd4 49. Bb6 h5 50. Bd8 h4 51. Bxh4 Bxh4 52. Kb4 Be1+ 53.
Kb3 Kxc5 54. a5 Bxa5 0-1

[Event "Russian Championship B11 1st league 2016"]
[Site "Loo"]
[Date "2016.04.25"]
[Round "6.18"]
[White "Broderzon, Alexander"]
[Black "Etuka, Alexander"]
[Result "1-0"]
[WhiteElo "1497"]
[BlackElo "1459"]
[PlyCount "79"]
[EventDate "2016.04.20"]

1. e4 c5 2. Nf3 d6 3. c3 Nf6 4. Bd3 e5 5. Bc2 Be7 6. h3 O-O 7. O-O Nc6 8. d3
Nh5 9. Nxe5 Nf6 10. Nxc6 bxc6 11. Nd2 Qc7 12. Nf3 h6 13. d4 Rd8 14. Bf4 Nh5 15.
Bh2 Qb6 16. Qd3 c4 17. Qxc4 Ba6 18. Qa4 Bxf1 19. Rxf1 Nf6 20. e5 Nd5 21. c4 Nb4
22. exd6 Bxd6 23. Bxd6 Nxc2 24. Qxc2 Qa6 25. Ba3 Re8 26. Re1 Qb6 27. Rxe8+ Rxe8
28. Qb3 Qc7 29. Qc3 Re2 30. Qd3 Re6 31. d5 Qd7 32. Qd2 Rg6 33. Ne5 Qd8 34. Nxg6
fxg6 35. d6 Kf7 36. d7 Ke6 37. Qd6+ Kf7 38. Qf8+ Qxf8 39. Bxf8 Kxf8 40. d8=Q+
1-0

[Event "Russian Championship B11 1st league 2016"]
[Site "Loo"]
[Date "2016.04.25"]
[Round "6.19"]
[White "Sepiashvili, Ivan"]
[Black "Kucherov, Matvey"]
[Result "0-1"]
[WhiteElo "1377"]
[BlackElo "1496"]
[PlyCount "94"]
[EventDate "2016.04.20"]

1. e4 e6 2. d4 d5 3. Nc3 dxe4 4. Nxe4 Nd7 5. Bd3 Ngf6 6. Qe2 c5 7. dxc5 Nxc5 8.
Nxc5 Bxc5 9. Bd2 Qb6 10. Bc3 Bd4 11. Bxd4 Qxd4 12. O-O-O Qf4+ 13. Kb1 O-O 14.
g3 Qb4 15. h4 Nd5 16. Ka1 f5 17. Bc4 Bd7 18. Nf3 Rfe8 19. Ne5 Bc6 20. Rhg1 Rac8
21. Qf3 Nb6 22. Nxc6 Qxc4 23. Nd4 Rcd8 24. c3 Rd5 25. g4 f4 26. Nc2 Red8 27.
Rxd5 Rxd5 28. Rd1 e5 29. Rxd5 Nxd5 30. b3 Qxc3+ 31. Qxc3 Nxc3 32. Kb2 Ne4 33.
f3 Nd2 34. Ne1 Kf7 35. Kc2 Nf1 36. Kd3 Ke6 37. Ke4 Ng3+ 38. Kd3 Kd5 39. Ng2 h5
40. g5 Nf5 41. b4 b5 42. a3 Nd6 43. Ne1 Nf5 44. Ng2 Nd4 45. Ne1 a6 46. g6 Nf5
47. Ng2 Ne7 0-1

[Event "Russian Championship B11 1st league 2016"]
[Site "Loo"]
[Date "2016.04.25"]
[Round "6.20"]
[White "Maslov, Dmitrij"]
[Black "Petrovsky, Nikita"]
[Result "0-1"]
[WhiteElo "1358"]
[BlackElo "1486"]
[PlyCount "62"]
[EventDate "2016.04.20"]

1. e4 e6 2. d4 d5 3. Nd2 c5 4. c3 cxd4 5. cxd4 Qb6 6. Ngf3 Nc6 7. exd5 exd5 8.
Nb3 Bb4+ 9. Bd2 Bxd2+ 10. Qxd2 Nge7 11. Be2 Bf5 12. O-O O-O 13. Rac1 Rac8 14.
Rfe1 Rfe8 15. Bd3 h6 16. Bxf5 Nxf5 17. Rxe8+ Rxe8 18. Rc5 Nfxd4 19. Rxd5 Nxf3+
20. gxf3 Ne5 21. Kg2 Qg6+ 22. Kf1 Nxf3 23. Qe3 Qa6+ 24. Qd3 Qf6 25. Rf5 Re1+
26. Kg2 Nh4+ 27. Kg3 Nxf5+ 28. Kf4 Nh4+ 29. Kg4 Rg1+ 30. Kh3 Qe6+ 31. Kxh4 Qg4#
0-1